书目信息 |
| 题名: |
基于知识解析体系的综合语篇分析:理论与应用
|
|
| 作者: | 严轶伦 著 | |
| 分册: | ||
| 出版信息: | 徐州 中国矿业大学出版社 2009.09 |
|
| 页数: | 258页 | |
| 开本: | 21cm | |
| 丛书名: | ||
| 单 册: | ||
| 中图分类: | H31 | |
| 科图分类: | ||
| 主题词: | 语言学 , 英语--语言学--研究 , 英语 | |
| 电子资源: | ||
| ISBN: | 978-7-5646-0383-0 | |
| 000 | 01011nam0 2200265 450 | |
| 001 | 1251739289 | |
| 005 | 20120107142241.56 | |
| 010 | @a978-7-5646-0383-0@dCNY28.00 | |
| 090 | @aH31@byyl | |
| 096 | @aH31@byyl | |
| 100 | @a20101026d2009 kemy0chiy50 ea | |
| 101 | 0 | @achi |
| 102 | @aCN@b320000 | |
| 105 | @ay z 000yy | |
| 200 | 1 | @a基于知识解析体系的综合语篇分析:理论与应用@b专著@f严轶伦著@9ji yu zhi shi jie xi ti xi de zong he yu pian fen xi : li lun yu ying yong |
| 210 | @a徐州@c中国矿业大学出版社@d2009.09 | |
| 215 | @a258页@d21cm | |
| 330 | @a本书从语篇的知识解析系统出发,不仅对知识做出定义,还梳理了散落在语言学研究各个方向和层面上的有关语篇生成和理解的知识解析系统的研究。建立了基于知识解析体系的语篇整合分析模式,并在此基础上将所创建的模式应用于新闻语篇、政治语篇和法律语篇等大众语篇的分析。 | |
| 606 | 0 | @a语言学 |
| 606 | 0 | @a英语@x语言学@x研究 |
| 606 | 0 | @a英语 |
| 690 | @aH31@v4 | |
| 701 | 0 | @a严轶伦@9yan yi lun@4著 |
| 801 | 0 | @aCN@bNJLIB@c20091014 |
| 905 | @aZUCC@dH31@eY071 | |
| 基于知识解析体系的综合语篇分析:理论与应用/严轶伦著.-徐州:中国矿业大学出版社,2009.09 |
| 258页;21cm |
| ISBN 978-7-5646-0383-0:CNY28.00 |
| 本书从语篇的知识解析系统出发,不仅对知识做出定义,还梳理了散落在语言学研究各个方向和层面上的有关语篇生成和理解的知识解析系统的研究。建立了基于知识解析体系的语篇整合分析模式,并在此基础上将所创建的模式应用于新闻语篇、政治语篇和法律语篇等大众语篇的分析。 |
| ● |
| 相关链接 |
|
|
|
正题名:基于知识解析体系的综合语篇分析:理论与应
索取号:H31/Y071
 
预约/预借
| 序号 | 登录号 | 条形码 | 馆藏地/架位号 | 状态 | 备注 |
| 1 | 480245 | 204802455 | 语言库209/209语言库 89排1列2层/ [索取号:H31/Y071] | 在馆 | |
| 2 | 480246 | 204802464 | 语言库209/209语言库 89排1列2层/ [索取号:H31/Y071] | 在馆 | |
| 3 | 480247 | 204802473 | 语言库209/209语言库 89排1列2层/ [索取号:H31/Y071] | 在馆 |